000 00547nam a2200193 a 4500
001 5103
003 CO-ViMGA
008 141112s2004 ck r 000 u spa d
040 _aCO-ViMGA
_bspa
_cCO-ViMGA
082 0 4 _aMEVIECAR.6424 L384i2
100 1 _aLevine, John R
_93372
245 1 0 _aEl internet para dummies /
_cLevine John R , Baroudi Carol , Levine Young Margaret
250 _a3a
260 _aBarcelona :
_bNorma,
_c1997
300 _a444 p : il
590 _aDatos de inventario : 05727
650 1 4 _aINTERNET
_951
942 _2ddc
_cBK
999 _c17104
_d17104